000 00768nam a2200289Ia 4500
005 20260324112516.0
008 008 260324s9999 xx 000 0 eng d
020 _a9781003470397
037 _aEBOOK
040 _aCRL
040 _beng
040 _cCRL
041 _2eng
041 _aeng
084 _qCRL
100 _aDechuan Sun; Chris French; Ranjith R Unnithan
_91142993
245 0 _aOptical Brain–Computer Interface
245 0 _bUsing a Miniscope to Detect Multi-Neuronal Dynamics during Cognition-Related Events
260 _bTaylor and Francis
260 _c2024
365 _a
365 _b110
856 _uhttp://www.taylorfrancis.com/books/9781003470397
942 _cEBOOK
999 _c1732230
_d1732230